000 00536nam a2200157Ia 4500
008 210716s2012 xx 000 0 und d
020 _a9788126536009
041 _aeng
082 _a332.6 DAMA
100 _aDamodaran, Aswath.
245 _aInvestment valuation: tools and techniques for determining the value of any asset.
_bTools and techniques for determining the value of any asset.
250 _a3
260 _aNew Delhi
_bWiley India Pvt Ltd
_c2012
300 _axv,974
650 _aInvestment Analysis & Portfolio Management
999 _c207446
_d207446